Karolínska kultúra a Slovensko : Zborník Slovenského národného múzea. Archeológia suppl.4
Gespeichert in:
| Format: | Buch |
|---|---|
| Sprache: | Slowakisch |
| Veröffentlicht: |
Bratislava :
SNM,
2011
|
| Tags: |
Keine Tags, Fügen Sie das erste Tag hinzu!
|
MARC
| LEADER | 00000nam a22000003a 4500 | ||
|---|---|---|---|
| 001 | stu266667 | ||
| 005 | 20141123202856.1 | ||
| 008 | 130514s2011------------------------slo-d | ||
| 020 | |a 978-80-8060-264-2 | ||
| 040 | |a STU |b slo | ||
| 041 | 0 | |a slo | |
| 245 | |a Karolínska kultúra a Slovensko : |b Zborník Slovenského národného múzea. Archeológia suppl.4 | ||
| 260 | |a Bratislava : |b SNM, |c 2011 | ||
| 300 | |a 162 s | ||
| 996 | |b 284AU05699 |c A*8531 |l AA3130 |s P |a 0 |w stu266667_0001 | ||